Individuálna a konsolidovaná účtovná závierka v účtovníctve subjektov verejného sektora diplomová práca

Na minha lista:
Detalhes bibliográficos
Autor principal: Červeňanová, Katarína
Autor Corporativo: Fakulta hospodárskej informatiky EU. Katedra účtovníctva a audítorstva
Outros Autores: Kršeková, Marianna
Formato: Livro
Idioma:eslovaco
Publicado em: Bratislava 2016
Tags: Adicionar Tag
Sem tags, seja o primeiro a adicionar uma tag!

MARC

LEADER 00000nbm a2200000 4500
001 0216880
005 20240905084205.8
041 0 |a slo 
044 |a SK 
245 1 0 |a Individuálna a konsolidovaná účtovná závierka v účtovníctve subjektov verejného sektora  |b diplomová práca  |c Katarína Červeňanová ; školiteľ: Marianna Kršeková 
264 1 |a Bratislava  |c 2016 
300 |a 92 s. 
100 1 |a Červeňanová, Katarína 
700 1 |a Kršeková, Marianna 
710 2 |a Fakulta hospodárskej informatiky EU. Katedra účtovníctva a audítorstva